Bahrain : Reform, Security, and U.S. Policy.

Examines political structure and reform in Bahrain, including human rights progress; discusses issues in U.S.-Bahrain defense and economic relations, including U.S. arms transfers to Bahrain; and addresses regional issues regarding Iran, the Arab-Israeli dispute, and anti-terrorism cooperation.

Bibliographic Details
Corporate Authors: Library of Congress. Congressional Research Service, ProQuest (Firm)
Format: eBook
Language:English
Published: [Place of publication not identified] : [publisher not identified], 2007.
Series:U.S. Congressional Research.
Subjects:
Online Access:Connect to the full text of this electronic book

MARC

Tag First Indicator Second Indicator Subfields
LEADER 00000cam a22000001a 4500
001 in00003333968
006 m d f
007 cr bn mmmapmmp
008 101214s2007 dcu o f000 0 eng d
005 20260429200118.5
035 |a cis2007859771 
040 |a ProQuest  |c ProQuest  |d UtOrBLW 
043 |a n-us--- 
099 |a CRS-2007-FDT-0544 
110 2 |a Library of Congress.  |b Congressional Research Service. 
245 1 0 |a Bahrain :  |b Reform, Security, and U.S. Policy. 
264 1 |a [Place of publication not identified] :  |b [publisher not identified],  |c 2007. 
300 |a 1 online resource. 
336 |a text  |b txt  |2 rdacontent 
337 |a computer  |b c  |2 rdamedia 
338 |a online resource  |b cr  |2 rdacarrier 
500 |a Record is based on bibliographic data in ProQuest U.S. Congressional Research Digital Collection (last viewed Dec. 2010). Reuse except for individual research requires license from ProQuest, LLC. 
500 |a CRS Report. 
520 |a Examines political structure and reform in Bahrain, including human rights progress; discusses issues in U.S.-Bahrain defense and economic relations, including U.S. arms transfers to Bahrain; and addresses regional issues regarding Iran, the Arab-Israeli dispute, and anti-terrorism cooperation. 
500 |a Electronic resource. 
650 0 |a Arab-Israeli conflict. 
650 0 |a International economic relations. 
650 0 |a International relations. 
655 7 |a Electronic books.  |2 local 
710 2 |a ProQuest (Firm) 
776 0 8 |i Microfiche version:   |a Library of Congress. Congressional Research Service.  |t Bahrain 
830 0 |a U.S. Congressional Research. 
856 4 0 |u http://proxy.library.tamu.edu/login?url=https://congressional.proquest.com/congcomp/getdoc?CRDC-ID=CRS-2007-FDT-0544  |z Connect to the full text of this electronic book  |t 0 
999 |a MARS 
999 f f |s 8608b370-1bc6-3664-a469-b1da5ca7138d  |i 2849998e-b2f9-389f-b636-368d27eb3679  |t 0 
952 f f |a Texas A&M University  |b College Station  |c Electronic Resources  |s www_evans  |d Available Online  |t 0  |e CRS-2007-FDT-0544  |h Other scheme 
998 f f |a CRS-2007-FDT-0544  |t 0  |l Available Online